[Event "Rhein Main op-A 25th"]
[Site "Bad Homburg"]
[Date "2023.06.10"]
[Round "6"]
[White "Teschler, Ulrich"]
[Black "Lindam, Ingo"]
[Result "1/2-1/2"]
[WhiteElo "1966"]
[BlackElo "2177"]
[PlyCount "109"]
[EventDate "2023.06.07"]
[EventType "swiss"]
[EventRounds "7"]
[EventCountry "GER"]
[SourceTitle "CBM 215 Extra"]
[Source "ChessBase"]
[SourceDate "2023.09.30"]
[SourceVersion "1"]
[SourceVersionDate "2023.09.30"]
[SourceQuality "1"]

1. e4 c5 2. Nc3 Nc6 3. f4 g6 4. Nf3 Bg7 5. g3 d6 6. Bg2 Nd4 7. 0-0 Bg4 8. h3 Nxf3+ 9. Bxf3 Bxh3 10. Re1 h5 11. d3 Bd4+ 12. Be3 e5 13. Bxd4 cxd4 14. Nd5 Nf6 15. c3 Kf8 16. cxd4 Nxd5 17. exd5 exf4 18. gxf4 Qf6 19. Qd2 Qxd4+ 20. Kh2 Bg4 21. Bg2 Rc8 22. Re4 Qf6 23. Rb4 b6 24. Rc4 Kg7 25. Rc6 Bd7 26. Qc3 Qxc3 27. bxc3 Bxc6 28. dxc6 Rhe8 29. a4 Re2 30. Kg1 Rxg2+ 31. Kxg2 Rxc6 32. c4 Rc5 33. Kf3 d5 34. cxd5 Rxd5 35. Ke4 Ra5 36. d4 f5+ 37. Kd3 b5 38. d5 bxa4 39. Kc4 a3 40. d6 Kf7 41. Re1 Ra4+ 42. Kc5 Re4 43. Rb1 Re2 44. Rb7+ Kf6 45. Rxa7 Rc2+ 46. Kd5 a2 47. Ra8 h4 48. Rf8+ Kg7 49. Ra8 h3 50. d7 h2 51. Rg8+ Kh7 52. Rh8+ Kg7 53. Rg8+ Kh7 54. Rh8+ Kg7 55. Rg8+ 1/2-1/2

[Event "Ghent Eastman op 42nd"]
[Site "Ghent"]
[Date "2019.07.21"]
[Round "3"]
[White "Lindam, Ingo"]
[Black "Fernandez, Daniel"]
[Result "0-1"]
[WhiteElo "2126"]
[BlackElo "2466"]
[PlyCount "68"]
[EventDate "2019.07.20"]
[EventType "swiss"]
[EventRounds "9"]
[EventCountry "BEL"]
[SourceTitle "CBM 191 Extra"]
[Source "ChessBase"]
[SourceDate "2019.09.30"]
[SourceVersion "1"]
[SourceVersionDate "2019.09.30"]
[SourceQuality "1"]

1. d4 d6 2. Nf3 g6 3. c4 Bg7 4. Nc3 e5 5. g3 Nc6 6. d5 Nce7 7. Bg2 h6 8. e4 f5 9. exf5 Nxf5 10. 0-0 Nf6 11. Re1 0-0 12. c5 g5 13. a4 a6 14. a5 Qe8 15. cxd6 cxd6 16. Nd2 Bd7 17. Nc4 Rd8 18. Ne4 Nxe4 19. Bxe4 Qf7 20. Ra3 Nd4 21. Be3 Bf5 22. Bxd4 Bxe4 23. Rxe4 exd4 24. Qe2 Qxd5 25. Re7 Rc8 26. Nd2 Rf7 27. Rxf7 Qxf7 28. Rf3 Qg6 29. Rb3 Rc1+ 30. Kg2 Qf7 31. Qf3 Rc2 32. Qxf7+ Kxf7 33. Rxb7+ Ke6 34. Nf3 Bf6 0-1

[Event "Rhein Main op-A 22nd"]
[Site "Bad Homburg"]
[Date "2019.06.23"]
[Round "7"]
[White "Lindam, Ingo"]
[Black "Lenz, Jonas"]
[Result "1-0"]
[WhiteElo "2129"]
[BlackElo "2073"]
[PlyCount "39"]
[EventDate "2019.06.19"]
[EventType "swiss"]
[EventRounds "9"]
[EventCountry "GER"]
[SourceTitle "EXT 2020"]
[Source "ChessBase"]
[SourceDate "2019.10.17"]
[SourceVersion "1"]
[SourceVersionDate "2019.10.17"]
[SourceQuality "1"]

1. d4 Nf6 2. Bg5 Ne4 3. h4 d5 4. Nd2 Bf5 5. Nxe4 Bxe4 6. f3 h6 7. Bf4 Bh7 8. e3 e6 9. Bd3 Bxd3 10. Qxd3 c5 11. dxc5 Qa5+ 12. c3 Bxc5 13. b4 Qb6 14. bxc5 Qb2 15. Rb1 Qxg2 16. Rh2 Qxg1+ 17. Ke2 Qg6 18. Qxg6 fxg6 19. Rxb7 Na6 20. Bd6 1-0

[Event "Bayern-chI Bank Hofmann 22nd"]
[Site "Tegernsee"]
[Date "2018.11.03"]
[Round "8"]
[White "Carow, Johannes"]
[Black "Lindam, Ingo"]
[Result "0-1"]
[WhiteElo "2439"]
[BlackElo "2098"]
[PlyCount "72"]
[EventDate "2018.10.27"]
[EventType "swiss"]
[EventRounds "9"]
[EventCountry "GER"]
[SourceTitle "CBM 187 Extra"]
[Source "ChessBase"]
[SourceDate "2018.11.04"]
[SourceVersion "1"]
[SourceVersionDate "2018.11.04"]
[SourceQuality "1"]

1. d4 Nf6 2. c4 g6 3. f3 Bg7 4. e4 d6 5. Nc3 0-0 6. Be3 c5 7. d5 e6 8. Qd2 exd5 9. cxd5 a6 10. a4 Re8 11. Nge2 Nbd7 12. Ng3 h5 13. Be2 h4 14. Nf1 Ne5 15. Bf2 Nh7 16. h3 f5 17. Ne3 f4 18. Nc4 Nxc4 19. Bxc4 Be5 20. a5 Bd7 21. 0-0 Ng5 22. Kh1 Kg7 23. Rfc1 Bxh3 24. gxh3 Qd7 25. Bf1 Nxf3 26. Qd3 Ng5 27. Bxh4 c4 28. Qd1 Rh8 29. Bxg5 Rxh3+ 30. Kg1 Rg3+ 31. Kf2 Rh8 32. Ke1 Rh1 33. Kd2 Rh2+ 34. Ne2 Rd3+ 35. Kc2 Qb5 36. b4 Qxb4 0-1